[Event "bosnjaci18"]
[Site "Bosnjaci"]
[Date "2018.01.03"]
[Round "1.1"]
[White "Jovanovic, Zoran"]
[Black "Luketic, Ivan"]
[Result "1-0"]
[WhiteElo "2535"]
[BlackElo "1820"]
[PlyCount "55"]
[EventDate "2018.??.??"]

1. e4 e5 2. Nf3 Nc6 3. Bb5 Nge7 4. Nc3 h6 5. d4 exd4 6. Nxd4 Nxd4 7. Qxd4 c6 8.
Bc4 Ng6 9. Be3 Qe7 10. O-O-O Qe5 11. Qd2 Qa5 12. f4 d6 13. h4 h5 14. Kb1 Bg4
15. Be2 Bxe2 16. Qxe2 O-O-O 17. Qc4 Rd7 18. g3 Kb8 19. Rd3 Qc7 20. Rhd1 b5 21.
Nxb5 cxb5 22. Qxb5+ Ka8 23. Ra3 Qc8 24. Qd5+ Kb8 25. Rdd3 Rb7 26. Rdb3 Ne7 27.
Qxd6+ Qc7 28. Rxb7+ 1-0

[Event "bosnjaci18"]
[Site "Bosnjaci"]
[Date "2018.01.03"]
[Round "1.2"]
[White "Slobodjanac, Sinisa"]
[Black "Kovacevic, Blazimir"]
[Result "0-1"]
[WhiteElo "1803"]
[BlackElo "2486"]
[PlyCount "66"]
[EventDate "2018.??.??"]

1. b4 Nf6 2. Bb2 d5 3. e3 c6 4. Nf3 Bg4 5. c4 e6 6. b5 c5 7. Be2 Nbd7 8. d3 Be7
9. O-O O-O 10. Nbd2 Qc7 11. Qb3 Rad8 12. Rfe1 Rfe8 13. a4 a5 14. Rac1 h6 15. d4
b6 16. Nf1 Qb7 17. h3 Bf5 18. Ng3 Bh7 19. Nd2 Bd6 20. Nh5 cxd4 21. Nxf6+ Nxf6
22. Bxd4 e5 23. Bb2 Bb4 24. Red1 d4 25. Nf3 d3 26. Bxd3 Rxd3 27. Rxd3 Bxd3 28.
Nxe5 Bf5 29. Nc6 Bc5 30. Qc3 Be4 31. Rf1 Bxc6 32. bxc6 Qxc6 33. Re1 Bb4 0-1

[Event "bosnjaci18"]
[Site "Bosnjaci"]
[Date "2018.01.03"]
[Round "1.3"]
[White "Zaja, Ivan"]
[Black "Tomljenovic, Mile"]
[Result "1-0"]
[WhiteElo "2454"]
[BlackElo "1800"]
[PlyCount "45"]
[EventDate "2018.??.??"]

1. d4 d5 2. c4 e6 3. Nc3 c5 4. cxd5 cxd4 5. Qa4+ Qd7 6. Qxd4 Nf6 7. e4 a6 8.
Nf3 exd5 9. Nxd5 Nxd5 10. exd5 Qd6 11. a3 Nd7 12. Bf4 Qc5 13. d6 Qxd4 14. Nxd4
g6 15. O-O-O Nc5 16. Bc4 Be6 17. Nxe6 fxe6 18. d7+ Nxd7 19. Bxe6 Nc5 20. Ba2
Rc8 21. Kb1 Ke7 22. Rhe1+ Kf6 23. Be5+ 1-0

[Event "bosnjaci18"]
[Site "Bosnjaci"]
[Date "2018.01.03"]
[Round "1.4"]
[White "Draskic, Skender"]
[Black "Cabarkapa, Novak"]
[Result "0-1"]
[WhiteElo "1799"]
[BlackElo "2441"]
[PlyCount "78"]
[EventDate "2018.??.??"]

1. e4 e6 2. d4 d5 3. e5 c5 4. Bb5+ Bd7 5. Bxd7+ Qxd7 6. c3 Nc6 7. Nf3 Nge7 8.
O-O Nf5 9. Be3 h6 10. a3 c4 11. Nbd2 g5 12. b4 cxb3 13. Nxb3 g4 14. Ne1 h5 15.
Nd3 b6 16. Nf4 Be7 17. Qe2 Bg5 18. Rfb1 Nxe3 19. fxe3 Bxf4 20. exf4 Ne7 21. a4
Rc8 22. Rc1 g3 23. h3 Nf5 24. a5 Kf8 25. axb6 axb6 26. Nd2 Qc7 27. Qd3 h4 28.
Qf3 Ke7 29. Qd3 Ra8 30. Ra6 Rhc8 31. Rxa8 Rxa8 32. c4 dxc4 33. Rxc4 Ra1+ 34.
Nf1 Qa7 35. Qd2 Qa6 36. Qb4+ Kd7 37. Qb2 Rxf1+ 38. Kxf1 Qxc4+ 39. Ke1 Nxd4 0-1

[Event "bosnjaci18"]
[Site "Bosnjaci"]
[Date "2018.01.03"]
[Round "1.5"]
[White "Radovanovic, Nikola"]
[Black "Dejanovic, Tereza"]
[Result "1-0"]
[WhiteElo "2441"]
[BlackElo "1779"]
[PlyCount "81"]
[EventDate "2018.??.??"]

1. d4 d5 2. c4 e6 3. Nc3 Nf6 4. Nf3 c6 5. e3 Bd6 6. Qc2 Nbd7 7. Bd3 dxc4 8.
Bxc4 b5 9. Be2 Bb7 10. O-O O-O 11. e4 e5 12. dxe5 Nxe5 13. Nd4 b4 14. Na4 Neg4
15. g3 Bxg3 16. hxg3 Qxd4 17. Qd1 Qxd1 18. Rxd1 Rad8 19. f3 Rxd1+ 20. Bxd1 Ne5
21. Be2 Ned7 22. Be3 Re8 23. Kf2 Re5 24. Rd1 h6 25. b3 Ra5 26. Bd2 c5 27. a3
Bxe4 28. fxe4 Nxe4+ 29. Kg2 Nxd2 30. Rxd2 Ne5 31. Rd8+ Kh7 32. axb4 cxb4 33.
Rd4 f6 34. Rxb4 Rd5 35. Rb7 a5 36. Rb5 Rd2 37. Kf1 Nc6 38. Bc4 Rd1+ 39. Kf2 Rd6
40. Rb6 f5 41. Bb5 1-0

[Event "bosnjaci18"]
[Site "Bosnjaci"]
[Date "2018.01.03"]
[Round "1.6"]
[White "Antolovic, Pero"]
[Black "Tica, Sven"]
[Result "0-1"]
[WhiteElo "1777"]
[BlackElo "2441"]
[PlyCount "106"]
[EventDate "2018.??.??"]

1. f4 d5 2. Nf3 Nf6 3. d4 g6 4. e3 Bg7 5. c4 e6 6. Bd3 O-O 7. O-O c5 8. Nc3
cxd4 9. exd4 Nc6 10. c5 b6 11. Bb5 Ne7 12. b4 Nf5 13. Ne2 a5 14. Qb3 Ne4 15.
cxb6 Qxb6 16. bxa5 Rxa5 17. Rb1 Ba6 18. Bxa6 Qxa6 19. Rb2 Ra8 20. g4 Nfd6 21.
Ng5 Rxa2 22. Rf3 Rxb2 23. Qxb2 Qc4 24. Rb3 Rc8 25. Rb8 h6 26. Nxe4 Nxe4 27.
Rxc8+ Qxc8 28. Be3 Qc4 29. Nc1 Nc3 30. Qd2 Nb5 31. Ne2 Qb3 32. Kg2 Nd6 33. Qc3
Qa2 34. Qd2 Qb1 35. Nc3 Qb3 36. Bf2 Bf8 37. Be1 Nc4 38. Qa2 Qxa2+ 39. Nxa2 Ne3+
40. Kf3 Nc2 41. Bc3 Bg7 42. h4 h5 43. Nc1 Bxd4 44. Bxd4 Nxd4+ 45. Ke3 Nc6 46.
g5 Ne7 47. Kd4 Nf5+ 48. Ke5 Nxh4 49. Nd3 Nf3+ 50. Kf6 h4 51. Nf2 Kf8 52. f5
exf5 53. Ne4 h3 0-1

[Event "bosnjaci18"]
[Site "Bosnjaci"]
[Date "2018.01.03"]
[Round "1.7"]
[White "Klasan, Vladimir"]
[Black "Rendulic, Dragan"]
[Result "1-0"]
[WhiteElo "2389"]
[BlackElo "1771"]
[PlyCount "45"]
[EventDate "2018.??.??"]

1. e4 c5 2. Nf3 d6 3. d4 cxd4 4. Qxd4 Nc6 5. Bb5 Bd7 6. Bxc6 Bxc6 7. Nc3 Nf6 8.
Bg5 e5 9. Qd3 Be7 10. Bxf6 Bxf6 11. Nd2 Qc7 12. Nc4 Rd8 13. Ne3 Rd7 14. h4 O-O
15. O-O-O a6 16. g4 g6 17. Rdg1 Qd8 18. g5 Bg7 19. h5 Re8 20. Ned5 Re6 21. hxg6
fxg6 22. Qh3 Bh8 23. Qxe6+ 1-0

[Event "bosnjaci18"]
[Site "Bosnjaci"]
[Date "2018.01.03"]
[Round "1.8"]
[White "Lombarovic, Marko"]
[Black "Muha, Miljenko"]
[Result "0-1"]
[WhiteElo "1770"]
[BlackElo "2371"]
[PlyCount "80"]
[EventDate "2018.??.??"]

1. e4 e6 2. Nf3 d5 3. exd5 exd5 4. d4 Nc6 5. Bb5 Bg4 6. O-O Bd6 7. Re1+ Nge7 8.
Bg5 f6 9. Bh4 Qd7 10. Bg3 Bxg3 11. fxg3 O-O-O 12. c3 h5 13. Nbd2 Qd6 14. Qc2 g5
15. a4 Bf5 16. Bd3 Bxd3 17. Qxd3 h4 18. g4 h3 19. g3 Qd7 20. b4 Rde8 21. Nb3
Qxg4 22. b5 Nb8 23. Nc5 Nf5 24. Kf2 Nd6 25. Nd2 b6 26. Ncb3 Qf5+ 27. Qxf5+ Nxf5
28. g4 Nh4 29. c4 dxc4 30. Nxc4 Ng2 31. Rec1 Kb7 32. a5 Nf4 33. Rc2 Re7 34.
axb6 axb6 35. Rca2 Rhe8 36. Ra7+ Kc8 37. Kf1 Nd3 38. Ne5 fxe5 39. Rd1 exd4 40.
Rxd3 Rf8+ 0-1

[Event "bosnjaci18"]
[Site "Bosnjaci"]
[Date "2018.01.03"]
[Round "1.9"]
[White "Sertic, Rudolf"]
[Black "Borzan, Andrej"]
[Result "1-0"]
[WhiteElo "2365"]
[BlackElo "1750"]
[PlyCount "53"]
[EventDate "2018.??.??"]

1. c4 e5 2. g3 Nf6 3. Bg2 Nc6 4. Nc3 d6 5. Nf3 Bd7 6. d4 Qc8 7. h3 g6 8. dxe5
dxe5 9. Be3 Bg7 10. Bc5 Be6 11. Nd5 Qd7 12. Ng5 Bxd5 13. cxd5 Ne7 14. Qb3 O-O
15. Rd1 Rad8 16. O-O b6 17. Ba3 Ne8 18. Ne6 Nd6 19. Nxf8 Rxf8 20. Rc1 f5 21.
Qc2 Rc8 22. e4 f4 23. Kh2 g5 24. Bf3 Qe8 25. Bg4 Nb5 26. Bxe7 Rb8 27. Bxg5 1-0

[Event "bosnjaci18"]
[Site "Bosnjaci"]
[Date "2018.01.03"]
[Round "1.10"]
[White "Zivkovic, Zvonimir"]
[Black "Mrkonjic, Nenad"]
[Result "0-1"]
[WhiteElo "1749"]
[BlackElo "2345"]
[PlyCount "76"]
[EventDate "2018.??.??"]

1. d4 b5 2. Bf4 Nf6 3. Nf3 e6 4. h3 Bd6 5. Ne5 Bb7 6. Nd2 Nd5 7. Bh2 f6 8. e4
fxe5 9. dxe5 Ne3 10. fxe3 Bc5 11. Qf3 Qh4+ 12. Bg3 Qh6 13. Be2 Bxe3 14. Nf1 Bb6
15. Bf4 Qg6 16. Nd2 Nc6 17. c3 O-O 18. h4 Nxe5 19. Qg3 Qxg3+ 20. Bxg3 Nc4 21.
Bxc4 bxc4 22. O-O-O d5 23. Rh3 Rf7 24. Be5 Bc5 25. Re1 Raf8 26. h5 a5 27. Rh4
Bf2 28. Reh1 dxe4 29. Nxe4 Bxh4 30. Rxh4 Bxe4 31. Rxe4 Rf1+ 32. Kd2 R8f2+ 33.
Re2 Rxe2+ 34. Kxe2 Rb1 35. g3 Rxb2+ 36. Kd1 Rxa2 37. Kc1 c6 38. Kb1 Rh2 0-1

[Event "bosnjaci18"]
[Site "Bosnjaci"]
[Date "2018.01.03"]
[Round "1.11"]
[White "Ascic, Pero"]
[Black "Mezak, Damir"]
[Result "1-0"]
[WhiteElo "2323"]
[BlackElo "1738"]
[PlyCount "79"]
[EventDate "2018.??.??"]

1. e4 c6 2. d4 d5 3. Nd2 dxe4 4. Nxe4 Nf6 5. Ng5 Bg4 6. N5f3 e6 7. h3 Bh5 8. g4
Bg6 9. Bg2 Nbd7 10. Ne2 Nb6 11. Ne5 Rc8 12. O-O Nfd7 13. Nxg6 hxg6 14. Bf4 Nf6
15. b3 Bd6 16. Qd2 Nbd5 17. Be5 Qc7 18. c4 Ne7 19. Qe3 Kf8 20. f4 b6 21. Rad1
Nd7 22. Ng3 f5 23. Rfe1 Nxe5 24. fxe5 Bb4 25. Rf1 Rd8 26. Ne4 c5 27. Ng5 cxd4
28. Nxe6+ Kf7 29. Nxd8+ Rxd8 30. Qg3 Qd7 31. Kh1 Rh8 32. Qf4 Bc5 33. b4 Bxb4
34. Rxd4 Qe6 35. Rd6 Qc8 36. Qd4 Bc5 37. Qd3 Ke8 38. Rd1 Kf7 39. Rd7 Re8 40.
gxf5 1-0

[Event "bosnjaci18"]
[Site "Bosnjaci"]
[Date "2018.01.03"]
[Round "1.12"]
[White "Bogdanic, Antonela"]
[Black "Stocko, Josip"]
[Result "0-1"]
[WhiteElo "1727"]
[BlackElo "2308"]
[PlyCount "42"]
[EventDate "2018.??.??"]

1. Nf3 Nf6 2. g3 c5 3. Bg2 Nc6 4. O-O e5 5. d3 Be7 6. e4 d6 7. Nbd2 Be6 8. Ng5
Bg4 9. f3 Bd7 10. Nh3 h5 11. f4 h4 12. gxh4 Rxh4 13. Nf3 Rxh3 14. Bxh3 Bxh3 15.
Re1 Bg4 16. c3 exf4 17. Bxf4 Nh5 18. Bg3 Nxg3 19. hxg3 Ne5 20. Qa4+ b5 21.
Qxb5+ Bd7 0-1

[Event "bosnjaci18"]
[Site "Bosnjaci"]
[Date "2018.01.03"]
[Round "1.13"]
[White "Bobanac, Miro"]
[Black "Drenski, Mijo"]
[Result "1-0"]
[WhiteElo "2297"]
[BlackElo "1721"]
[PlyCount "97"]
[EventDate "2018.??.??"]

1. Nf3 Nf6 2. g3 d5 3. d4 Bf5 4. Bg2 c6 5. O-O e6 6. c4 Nbd7 7. Nbd2 Be7 8. Nh4
Bg6 9. Nxg6 hxg6 10. b3 Ng4 11. h3 Ngf6 12. Bb2 O-O 13. Qc2 a6 14. g4 Qa5 15.
a3 b5 16. e4 dxe4 17. Nxe4 Nxe4 18. Qxe4 Rac8 19. b4 Qd8 20. Rac1 Bf6 21. Rfd1
Nb6 22. Bf1 Qe7 23. f4 Qd8 24. g5 Be7 25. h4 Re8 26. Bd3 bxc4 27. Rxc4 Qd6 28.
Rc2 Nd5 29. Bxa6 Ra8 30. Bb7 Rac8 31. b5 Rc7 32. Rxc6 Rxc6 33. Bxc6 Rc8 34. Rf1
Rc7 35. Qe5 Qd8 36. h5 gxh5 37. g6 Bd6 38. gxf7+ Kxf7 39. Qxh5+ Kg8 40. Bxd5
exd5 41. Qxd5+ Kf8 42. Qf5+ Kg8 43. Qe6+ Kf8 44. Re1 Re7 45. Qf5+ Rf7 46. Qh7
Rd7 47. d5 Qf6 48. Bxf6 gxf6 49. Qxd7 1-0

[Event "bosnjaci18"]
[Site "Bosnjaci"]
[Date "2018.01.03"]
[Round "1.14"]
[White "Hamzic, Adil"]
[Black "Petrusic, Toni"]
[Result "0-1"]
[WhiteElo "1718"]
[BlackElo "2278"]
[PlyCount "76"]
[EventDate "2018.??.??"]

1. e4 c5 2. Nf3 g6 3. d4 cxd4 4. Nxd4 Nc6 5. Nxc6 bxc6 6. Bd3 Bg7 7. O-O Nf6 8.
c3 d5 9. Qc2 O-O 10. Bg5 Qc7 11. Bxf6 Bxf6 12. Nd2 Rb8 13. Rab1 Rd8 14. Rfe1
Be6 15. Nf1 dxe4 16. Bxe4 Bxa2 17. Ra1 Bb3 18. Qe2 Rb6 19. Ra6 Bd5 20. Bxd5
cxd5 21. Rxb6 Qxb6 22. Ne3 e6 23. g3 Rb8 24. Nd1 a5 25. Qd3 a4 26. Qf3 Kg7 27.
Kg2 Qb3 28. h4 h5 29. g4 hxg4 30. Qxg4 Rh8 31. Rh1 Rxh4 32. Rxh4 Bxh4 33. Qe2
Bf6 34. Ne3 d4 35. cxd4 Bxd4 36. Nd1 Qd5+ 37. Qf3 Qxf3+ 38. Kxf3 f5 0-1

[Event "bosnjaci18"]
[Site "Bosnjaci"]
[Date "2018.01.03"]
[Round "1.15"]
[White "Popovic, Milan S"]
[Black "Perci, Franjo"]
[Result "1-0"]
[WhiteElo "2264"]
[BlackElo "1711"]
[PlyCount "47"]
[EventDate "2018.??.??"]

1. e4 e6 2. d3 g6 3. g3 Bg7 4. Bg2 Ne7 5. Nf3 b6 6. O-O Bb7 7. Re1 O-O 8. h4 h5
9. d4 d6 10. Nc3 Nd7 11. Bg5 Qe8 12. Qd2 Kh7 13. Rad1 a6 14. e5 d5 15. Ne2 Nf5
16. Bh3 c5 17. c3 Rc8 18. Bxf5 exf5 19. Nf4 Nb8 20. Bf6 Qc6 21. Nxh5 gxh5 22.
Qg5 Bh6 23. Qxf5+ Kg8 24. Ng5 1-0

[Event "bosnjaci18"]
[Site "Bosnjaci"]
[Date "2018.01.03"]
[Round "1.16"]
[White "Maroslavac, Ivana"]
[Black "Goric, Esad"]
[Result "0-1"]
[WhiteElo "1710"]
[BlackElo "2263"]
[PlyCount "86"]
[EventDate "2018.??.??"]

1. e4 e6 2. d4 d5 3. Nc3 Nf6 4. e5 Nfd7 5. f4 c5 6. Nf3 Nc6 7. Be3 cxd4 8. Nxd4
Nxd4 9. Bxd4 Nb8 10. Be2 Nc6 11. Bf2 Bb4 12. Qd3 d4 13. Bxd4 Qxd4 14. Qxd4 Nxd4
15. Bd3 Bd7 16. O-O Bxc3 17. bxc3 Nc6 18. Rfd1 Na5 19. Rab1 Bc6 20. c4 b6 21.
Be2 Rd8 22. Kf2 Rxd1 23. Rxd1 Ke7 24. g3 Rd8 25. Rxd8 Kxd8 26. Ke3 Nb7 27. Kd4
Nc5 28. g4 Ke7 29. h4 h6 30. Ke3 f6 31. Kd4 Nd7 32. exf6+ gxf6 33. Ke3 e5 34.
Bd3 Kd6 35. Bf5 Nf8 36. fxe5+ Kxe5 37. c3 Bd7 38. Bxd7 Nxd7 39. Kf3 Nf8 40. Ke3
Ng6 41. h5 Nf4 42. Kf3 Ne6 43. Ke3 f5 0-1

[Event "bosnjaci18"]
[Site "Bosnjaci"]
[Date "2018.01.03"]
[Round "1.17"]
[White "Babic, Zvonko"]
[Black "Trepsic, Zvonimir"]
[Result "1-0"]
[WhiteElo "2221"]
[BlackElo "1710"]
[PlyCount "139"]
[EventDate "2018.??.??"]

1. c4 Nf6 2. Nf3 e6 3. g3 b6 4. Bg2 Bb7 5. O-O Be7 6. b3 c5 7. Bb2 O-O 8. d3 d5
9. cxd5 exd5 10. d4 Nbd7 11. Nc3 Ne4 12. Rc1 Ndf6 13. Qd3 Nxc3 14. Bxc3 Ne4 15.
Bb2 Bf6 16. Rfd1 Re8 17. e3 Rc8 18. Nd2 h5 19. Nxe4 dxe4 20. Qe2 cxd4 21. Bxd4
Rxc1 22. Rxc1 Bxd4 23. Rd1 Qf6 24. Rxd4 Qf5 25. h3 Bc6 26. Kh2 Bb5 27. Qd2 Bd3
28. f3 exf3 29. Qxd3 Qxd3 30. Rxd3 fxg2 31. Kxg2 Rc8 32. Kf3 Rc2 33. a4 Rh2 34.
Rd8+ Kh7 35. Rd7 Kg6 36. Rxa7 Rb2 37. Ra6 Rxb3 38. a5 Ra3 39. Rxb6+ f6 40. a6
Kf5 41. g4+ hxg4+ 42. hxg4+ Ke5 43. Rb7 Rxa6 44. Rxg7 Ra3 45. Re7+ Kd6 46. Re8
Kd7 47. Re4 Rb3 48. Kf4 Rb5 49. Ra4 Ke6 50. Ra8 Kf7 51. Ra7+ Kg6 52. Ra6 Re5
53. Rd6 Ra5 54. e4 Ra1 55. e5 Ra4+ 56. Ke3 Rxg4 57. Rxf6+ Kg5 58. Rf8 Kh6 59.
Kf3 Ra4 60. e6 Ra7 61. Ke4 Kg7 62. Rf2 Ra5 63. e7 Ra1 64. Ke5 Re1+ 65. Kd6 Rd1+
66. Kc7 Rc1+ 67. Kd8 Rd1+ 68. Ke8 Re1 69. Rg2+ Kf6 70. Kf8 1-0

[Event "bosnjaci18"]
[Site "Bosnjaci"]
[Date "2018.01.03"]
[Round "1.18"]
[White "Djakovic, Ilija"]
[Black "Ljikar, Zoran"]
[Result "0-1"]
[WhiteElo "1709"]
[BlackElo "2192"]
[PlyCount "96"]
[EventDate "2018.??.??"]

1. b4 d5 2. Bb2 Nf6 3. a4 Bf5 4. b5 e6 5. e3 Bd6 6. Nf3 O-O 7. Be2 h6 8. Ba3 c5
9. h3 a6 10. Bb2 c4 11. O-O axb5 12. axb5 Rxa1 13. Bxa1 Nbd7 14. Qc1 Qa5 15.
Nc3 Rc8 16. Bb2 e5 17. Bd1 Ra8 18. Be2 Qb6 19. Rd1 Rc8 20. Ba3 Bxa3 21. Qxa3
Bxc2 22. Ra1 d4 23. exd4 exd4 24. Qb2 d3 25. Bd1 Bxd1 26. Nxd1 Nc5 27. Nc3 Nce4
28. Nd1 Ng3 29. Ne3 Ne2+ 30. Kf1 c3 31. dxc3 Rxc3 32. Ne1 Ne4 33. Nxd3 N2g3+
34. fxg3 Qxe3 35. Nf2 Nxg3+ 36. Kg1 Ne4 37. Kf1 Nxf2 38. Qxf2 Rc1+ 39. Rxc1
Qxc1+ 40. Qe1 Qxe1+ 41. Kxe1 Kf8 42. Kd2 Ke7 43. Kd3 Kd6 44. Kd4 f5 45. g3 b6
46. g4 fxg4 47. hxg4 g6 48. Ke4 h5 0-1

[Event "bosnjaci18"]
[Site "Bosnjaci"]
[Date "2018.01.03"]
[Round "1.19"]
[White "Karabaic, Ivan"]
[Black "Marinkovic, Danilo"]
[Result "1-0"]
[WhiteElo "2182"]
[BlackElo "1708"]
[PlyCount "45"]
[EventDate "2018.??.??"]

1. Nf3 d5 2. g3 c6 3. Bg2 f6 4. d4 Bf5 5. O-O Nd7 6. Nbd2 h6 7. Nh4 Bh7 8. e4
g6 9. exd5 cxd5 10. Bxd5 Qc7 11. c3 O-O-O 12. Qb3 g5 13. Ng2 Nb6 14. Be6+ Kb8
15. a4 a6 16. Re1 h5 17. a5 Nd7 18. Ne3 h4 19. Nd5 Qd6 20. Nc4 Qc6 21. Nb4 Qb5
22. Na3 Qxa5 23. Nc6+ 1-0

[Event "bosnjaci18"]
[Site "Bosnjaci"]
[Date "2018.01.03"]
[Round "1.20"]
[White "Jelic, Slavko"]
[Black "Ivekovic, Tihana"]
[Result "1/2-1/2"]
[WhiteElo "1702"]
[BlackElo "2161"]
[PlyCount "84"]
[EventDate "2018.??.??"]

1. d4 d5 2. c3 Nf6 3. Nf3 c5 4. Bg5 Nc6 5. Bxf6 gxf6 6. e3 e5 7. Bb5 cxd4 8.
Bxc6+ bxc6 9. exd4 Ba6 10. dxe5 fxe5 11. Nbd2 Bg7 12. Qa4 Bb5 13. Qg4 O-O 14.
Qf5 Qf6 15. Qxf6 Bxf6 16. Nb3 Rfe8 17. O-O-O Be7 18. Kb1 f6 19. Nh4 Rad8 20.
Nf5 Bf8 21. Rhe1 c5 22. Ka1 Bd7 23. g4 Bxf5 24. gxf5 c4 25. Nd2 Bc5 26. Re2 a5
27. b3 cxb3 28. Nxb3 Bb6 29. a4 Re7 30. f4 e4 31. Nd4 Bxd4 32. Rxd4 Rdd7 33.
Kb2 Kg7 34. Re3 Kf7 35. Rh3 Ke8 36. Re3 Kd8 37. Kc2 Rg7 38. Rg3 Rge7 39. Re3
Rg7 40. Rg3 Rge7 41. Re3 Rg7 42. Rg3 Rge7 1/2-1/2

[Event "bosnjaci18"]
[Site "Bosnjaci"]
[Date "2018.01.03"]
[Round "1.21"]
[White "Blagojevic, Marijan"]
[Black "Mikic, Ivana"]
[Result "1/2-1/2"]
[WhiteElo "2145"]
[BlackElo "1681"]
[PlyCount "97"]
[EventDate "2018.??.??"]

1. d4 Nf6 2. c4 e6 3. Nc3 Bb4 4. Qc2 d5 5. Bg5 O-O 6. Nf3 b6 7. cxd5 exd5 8. e3
Qd6 9. Bf4 Qe7 10. a3 Bxc3+ 11. Qxc3 c5 12. Bg5 Nbd7 13. Bb5 Qd6 14. Bf4 Qe7
15. Bc6 Ba6 16. Bxa8 Rxa8 17. O-O-O Ne4 18. Qe1 Rc8 19. Kb1 c4 20. Rc1 c3 21.
Ka2 Bc4+ 22. b3 Bd3 23. Ne5 Nxe5 24. Bxe5 c2 25. Kb2 a5 26. f3 Nc3 27. Qxc3
Rxc3 28. Kxc3 Bg6 29. Kb2 f6 30. Bf4 Qd7 31. Rhe1 Qb5 32. e4 a4 33. Re3 dxe4
34. Rxc2 Qd7 35. Rec3 Qxd4 36. Rd2 Qg1 37. Rc8+ Kf7 38. g4 exf3 39. Rd7+ Ke6
40. Rd6+ Ke7 41. Rc7+ Ke8 42. Re6+ Kd8 43. Rd6+ Ke8 44. Rc8+ Ke7 45. Rc7+ Ke8
46. Re6+ Kd8 47. Rd6+ Ke8 48. Re6+ Kd8 49. Rd6+ 1/2-1/2

[Event "bosnjaci18"]
[Site "Bosnjaci"]
[Date "2018.01.03"]
[Round "1.22"]
[White "Baricevic, Ivan"]
[Black "Tomas, Ante"]
[Result "0-1"]
[WhiteElo "1670"]
[BlackElo "2124"]
[PlyCount "72"]
[EventDate "2018.??.??"]

1. e4 c5 2. c4 Nc6 3. Nc3 Nf6 4. h3 e6 5. Nf3 d5 6. cxd5 exd5 7. exd5 Nxd5 8.
Qe2+ Be7 9. Nxd5 Qxd5 10. a3 O-O 11. Qc4 Be6 12. Qxd5 Bxd5 13. Be2 Bf6 14. O-O
Rfe8 15. Bb5 Re7 16. d3 Bxf3 17. gxf3 Nd4 18. Bc4 Nxf3+ 19. Kg2 Ne5 20. Rb1 Rd8
21. Be3 Nxc4 22. dxc4 Bd4 23. Rfd1 Red7 24. Rd3 Bxe3 25. Rxe3 Kf8 26. b4 Rc8
27. b5 Re8 28. Rbb3 Rd4 29. Rbc3 Ree4 30. Rxe4 Rxe4 31. Kf1 Ke7 32. Re3 Rxe3
33. fxe3 Kf6 34. Ke2 Ke5 35. a4 Ke4 36. a5 g5 0-1

[Event "bosnjaci18"]
[Site "Bosnjaci"]
[Date "2018.01.03"]
[Round "1.23"]
[White "Ascic, Anto"]
[Black "Majic, Anto"]
[Result "1-0"]
[WhiteElo "2122"]
[BlackElo "1659"]
[PlyCount "93"]
[EventDate "2018.??.??"]

1. d4 d5 2. c4 dxc4 3. e3 e6 4. Bxc4 Nf6 5. Nf3 Nc6 6. O-O Bd6 7. Nc3 a6 8. e4
Be7 9. a3 O-O 10. b4 b5 11. Ba2 Bb7 12. Bb2 Qd7 13. Qe2 Nxd4 14. Nxd4 Qxd4 15.
Nd5 Qxe4 16. Nxe7+ Kh8 17. Qxe4 Nxe4 18. Rfc1 Rfd8 19. f3 Rd7 20. Nc6 Bxc6 21.
Rxc6 Nf6 22. Be5 Rad8 23. Bb3 Rd3 24. Bc2 Rd2 25. Bc3 R2d6 26. Rc5 Nd5 27. Re1
f6 28. Bb3 c6 29. Bxd5 cxd5 30. f4 Kg8 31. Bd4 Kf7 32. Rc7+ R8d7 33. Rec1 Ke7
34. Rc8 Rd8 35. Bc5 Rxc8 36. Bxd6+ Kd7 37. Rxc8 Kxc8 38. Bf8 g6 39. Bg7 f5 40.
Kf2 Kd8 41. Ke3 Ke8 42. Kd4 Kf7 43. Be5 h6 44. h4 Ke7 45. Bg7 Kd6 46. Bf8+ Kd7
47. Bxh6 1-0

[Event "bosnjaci18"]
[Site "Bosnjaci"]
[Date "2018.01.03"]
[Round "1.24"]
[White "Causevic, Miro"]
[Black "Jelecevic, Ivo"]
[Result "0-1"]
[WhiteElo "1644"]
[BlackElo "2102"]
[PlyCount "108"]
[EventDate "2018.??.??"]

1. e4 c5 2. Nc3 a6 3. a4 e6 4. Bc4 Nc6 5. d3 Nf6 6. f4 d5 7. Ba2 d4 8. Nce2 b5
9. Nf3 Bb7 10. h3 Be7 11. O-O O-O 12. Ng3 Qc7 13. Bd2 Rfd8 14. Nh2 Nb4 15. Bxb4
cxb4 16. Bb3 bxa4 17. Bxa4 Nd7 18. Bb3 Nc5 19. Bc4 Bh4 20. Nh5 g6 21. Qg4 Be7
22. b3 Kh8 23. Ng3 a5 24. h4 Rg8 25. Nf3 h5 26. Qh3 Qxf4 27. Ng5 Qe3+ 28. Kh1
Bxg5 29. Rae1 Qd2 30. Re2 Qc3 31. hxg5 Kg7 32. Ref2 Raf8 33. Nxh5+ gxh5 34.
Qxh5 Rh8 35. Rxf7+ Rxf7 36. Rxf7+ Kg8 37. Rf8+ Kxf8 38. Qxh8+ Ke7 39. Qf6+ Kd6
40. Qf2 a4 41. bxa4 Nxe4 42. Qf8+ Kc7 43. Qf4+ Kb6 44. Bb3 Qe1+ 45. Kh2 Qe3 46.
Qe5 Nxg5 47. a5+ Ka7 48. Qc5+ Kb8 49. Qxb4 Qf4+ 50. Kg1 Qe3+ 51. Kh2 Qf4+ 52.
Kg1 Qe3+ 53. Kh1 Qh3+ 54. Kg1 Qxg2# 0-1

[Event "bosnjaci18"]
[Site "Bosnjaci"]
[Date "2018.01.04"]
[Round "2.1"]
[White "Petricevic, Ivan"]
[Black "Jovanovic, Zoran"]
[Result "0-1"]
[WhiteElo "2025"]
[BlackElo "2535"]
[PlyCount "84"]
[EventDate "2018.??.??"]

1. e4 d6 2. d4 Nf6 3. Nc3 e5 4. dxe5 dxe5 5. Qxd8+ Kxd8 6. Bc4 Ke8 7. Bg5 c6 8.
a4 Bb4 9. f3 Nbd7 10. Nge2 Ke7 11. O-O-O h6 12. Bh4 a5 13. g4 Bc5 14. Rd3 g5
15. Be1 h5 16. Bd2 hxg4 17. Bxg5 Rh5 18. Bd2 Nf8 19. Ng3 Rh3 20. f4 Ng6 21.
Nce2 Bd6 22. f5 Nf4 23. Rb3 Nd7 24. Nf1 Nxe2+ 25. Bxe2 Rxb3 26. cxb3 Nc5 27.
Bxg4 Nxe4 28. Be3 Bd7 29. Nd2 Nxd2 30. Bxd2 Rg8 31. f6+ Ke8 32. Bxd7+ Kxd7 33.
h4 Ke6 34. Bg5 Bc7 35. Kd2 Bd8 36. Kc3 Bxf6 37. Bxf6 Kxf6 38. h5 Rg3+ 39. Kc4
Kg7 40. Re1 f6 41. Rd1 Kh6 42. Rh1 b6 0-1

[Event "bosnjaci18"]
[Site "Bosnjaci"]
[Date "2018.01.04"]
[Round "2.2"]
[White "Kovacevic, Blazimir"]
[Black "Samblic, Silvano"]
[Result "1-0"]
[WhiteElo "2486"]
[BlackElo "2015"]
[PlyCount "75"]
[EventDate "2018.??.??"]

1. d4 d5 2. c4 e6 3. Nc3 Nf6 4. cxd5 exd5 5. Bg5 c6 6. e3 h6 7. Bh4 Bd6 8. Bd3
Nbd7 9. Nge2 O-O 10. Qc2 Re8 11. h3 Qa5 12. O-O a6 13. a3 c5 14. dxc5 Qxc5 15.
Rad1 b5 16. Bf5 g5 17. Bg3 Ne5 18. Nxd5 Nxd5 19. Qxc5 Bxc5 20. Rxd5 Bxf5 21.
Bxe5 Bf8 22. Bc3 Be6 23. Rd2 Bc4 24. Rfd1 a5 25. Ng3 Bb3 26. Nh5 Re6 27. Rd8
Bxd1 28. Rxd1 Be7 29. Rd7 b4 30. axb4 axb4 31. Bd4 Kh7 32. Ng7 Re4 33. Nf5 Re8
34. f3 Re6 35. Ng7 Rd8 36. Rxd8 Bxd8 37. Nxe6 fxe6 38. b3 1-0

[Event "bosnjaci18"]
[Site "Bosnjaci"]
[Date "2018.01.04"]
[Round "2.3"]
[White "Zlatarevic, Ivan"]
[Black "Zaja, Ivan"]
[Result "0-1"]
[WhiteElo "2025"]
[BlackElo "2454"]
[PlyCount "58"]
[EventDate "2018.??.??"]

1. d4 Nf6 2. Nf3 e6 3. g3 c5 4. c4 cxd4 5. Nxd4 d5 6. Bg2 e5 7. Nf3 d4 8. O-O
Nc6 9. a3 Be6 10. Qa4 Bd6 11. Ng5 Bd7 12. c5 Be7 13. Qb3 O-O 14. Qxb7 Rb8 15.
Qa6 Bxc5 16. b4 Bb6 17. Nd2 Ne8 18. Nde4 h6 19. Nf3 Qe7 20. Bd2 f5 21. Nc5 Bxc5
22. bxc5 e4 23. Nh4 Qe6 24. Bh3 Nc7 25. Qa4 g5 26. Nxf5 Rxf5 27. Bxf5 Qxf5 28.
Rab1 Rxb1 29. Rxb1 e3 0-1

[Event "bosnjaci18"]
[Site "Bosnjaci"]
[Date "2018.01.04"]
[Round "2.4"]
[White "Pasalic, Adnan"]
[Black "Radovanovic, Nikola"]
[Result "0-1"]
[WhiteElo "2009"]
[BlackElo "2441"]
[PlyCount "70"]
[EventDate "2018.??.??"]

1. d4 Nf6 2. c4 g6 3. Nc3 Bg7 4. Nf3 O-O 5. Bg5 d6 6. e3 c6 7. Be2 a6 8. a4 a5
9. O-O Na6 10. Nd2 Qc7 11. Bf4 e5 12. Bg3 Nd7 13. Nb3 f5 14. f3 f4 15. exf4
exf4 16. Bf2 Nf6 17. Qd2 g5 18. Bd3 Nb4 19. Bb1 Qf7 20. d5 cxd5 21. cxd5 Nfxd5
22. Nd4 g4 23. Ne4 Be5 24. fxg4 Bxg4 25. Ng5 Qh5 26. Bxh7+ Kh8 27. h4 Ne3 28.
Rfc1 Nbd5 29. Be4 Rae8 30. Ndf3 Nf6 31. Qd3 Nxe4 32. Bxe3 fxe3 33. Nxe4 Bxf3
34. gxf3 Rg8+ 35. Ng5 Qxh4 0-1